Sports Quiz

Random Sports or Numbers Quiz
Score 0/27 Timer 04:00
0 Plays Today
Squad number Player (surname) % Correct
8gerrard
96.2%
25reina
94.1%
9torres
91.9%
23carragher
89%
5agger
79.7%
18kuyt
79.7%
2johnson
71.2%
37skrtel
70.3%
20mascherano
64.4%
19babel
57.6%
21 lucas
55.5%
15benayoun
52.1%
12aurelio
51.3%
11riera
50.8%
Squad number Player (surname) % Correct
24ngog
47%
10voronin
40.3%
4aquilani
39.4%
22insua
32.6%
26spearing
32.6%
38dossena
29.7%
1cavalieri
28%
27degen
20.3%
16kyrgiakos
19.1%
31el zhar
19.1%
28plessis
13.6%
30itandje
13.1%
29 nemeth
4.7%

You're not logged in!

Compare scores with friends on all Sporcle quizzes.
OR
Log In

Sporcle TV

Today on Sporcle TV


Watch our educational content, quiz creation guides, and fun videos on Sporcle TV.

Show Comments

Extras

Top Quizzes Today


Score Distribution

Paid Content

Your Account Isn't Verified!

In order to create a playlist on Sporcle, you need to verify the email address you used during registration. Go to your Sporcle Settings to finish the process.

Report this User

Report this user for behavior that violates our Community Guidelines.

Details: